|
|
|
|
| LEADER |
00000nam0a2200000 4500 |
| 001 |
52673 |
| 005 |
20231101211400.0 |
| 010 |
|
|
|a 9854363724
|
| 035 |
|
|
|a (RuTPU)RU\TPU\book\55213
|
| 090 |
|
|
|a 52673
|
| 100 |
|
|
|a 20030605d2002 km y0rusy50 ca
|
| 101 |
0 |
|
|a rus
|
| 102 |
|
|
|a BY
|
| 105 |
|
|
|a a z 001zy
|
| 200 |
1 |
|
|a Философия знаковых систем и язык
|f А. Соломоник
|
| 205 |
|
|
|a 2-е изд., доп. и испр.
|
| 210 |
|
|
|a Минск
|c МЕТ
|d 2002
|
| 215 |
|
|
|a 408 с.
|c ил.
|
| 320 |
|
|
|a Библиогр. в конце глав
|
| 606 |
1 |
|
|a Семиотика
|x Философия
|2 stltpush
|3 (RuTPU)RU\TPU\subj\54577
|9 72713
|
| 606 |
1 |
|
|a Семиотика
|x Языкознание
|2 stltpush
|3 (RuTPU)RU\TPU\subj\54576
|9 72712
|
| 610 |
1 |
|
|a языкознание
|
| 610 |
1 |
|
|a философия
|
| 610 |
1 |
|
|a язык
|
| 610 |
1 |
|
|a значение
|
| 610 |
1 |
|
|a знаковые системы
|
| 610 |
1 |
|
|a слова
|
| 610 |
1 |
|
|a собственные имена
|
| 610 |
1 |
|
|a ономатопея
|
| 610 |
1 |
|
|a речь
|
| 686 |
|
|
|a Ю224
|v LBC/SL-A
|2 rubbk
|
| 686 |
|
|
|a Ш100.1
|v LBC/SL-A
|2 rubbk
|
| 700 |
|
1 |
|a Соломоник
|b А.
|g Абрам
|
| 801 |
|
1 |
|a RU
|b 63413507
|c 20030605
|g PSBO
|
| 801 |
|
2 |
|a RU
|b 63413507
|c 20140410
|g PSBO
|
| 942 |
|
|
|c BK
|